Arias: entre la paz y la guerra

Guardado en:
書目詳細資料
格式: Texto
主題:
標簽: 添加標簽
沒有標簽, 成為第一個標記此記錄!

MARC

LEADER 00000 a a2200000 04500
001 3926
003
040
245 |a Arias:   |b entre la paz y la guerra  
650 |a PAZ  
650 |a GUERRA  
650 |a POLITICA  
650 |a AMERICA CENTRAL  
773 |g número 15; páginas 18-21  
999 |c 39266  |d 39266